History portraits

Guardat en:
Dades bibliogràfiques
Autor principal: Sherman, Cindy (Autor)
Format: Llibre
Idioma:anglès
Publicat: Nueva York Rizzoli 1991
Matèries:
Etiquetes: Afegir etiqueta
Sense etiquetes, Sigues el primer a etiquetar aquest registre!

MARC

LEADER 00000cam a2200000 a 4500
001 UCF6487
003 CL-VaPUC
008 130425e19910000US |||||||||||||||||eng|d
020 |a 084781341X 
082 0 4 |a 757  |b SHE  |2 21 
100 |a Sherman, Cindy  |e author  |9 537029 
245 1 0 |a History portraits 
300 |a 63 p 
942 |c BK 
945 |d 20130425 00:00:00  |a dcastane 
260 |a Nueva York  |b Rizzoli  |c 1991 
650 0 |a Retratos  |9 313437 
650 0 |a Dibujos  |9 264123 
650 0 |a Caricaturas  |9 359381 
650 0 |a Fotografía  |9 268495 
583 |a last modification  |c 20130425 11:23:00  |k Rodrigo Vera 
999 |c 351665  |d 351663 
952 |0 0  |1 0  |4 0  |6 757_000000000000000_SHE_1991  |7 0  |8 X  |9 455903  |a BIBART  |b BIBART  |d 2019-11-22  |i 4967658  |o 757 SHE 1991  |p 4967658  |r 2025-03-13  |w 2019-11-22  |y BK_X  |k ART